| 000 | 00522nam a22001697a 4500 | ||
|---|---|---|---|
| 999 |
_c16401 _d16401 |
||
| 003 | OSt | ||
| 005 | 20210303110047.0 | ||
| 008 | 160205b xxu||||| |||| 00| 0 eng d | ||
| 040 |
_cMMU _aMMU _beng _dMMU |
||
| 050 | _aBS 195 .N37 1984 | ||
| 110 |
_aInternational Bible Society _9418 |
||
| 245 |
_aHoly Bible _bNew International Version _cInternational Bible Society |
||
| 260 |
_aColorado: _bInternational Bible Society, _c1984 |
||
| 500 | _aIncludes Dictionary- Concordance | ||
| 650 | _aHoly Bible | ||
| 942 |
_2lcc _cREFERENCE |
||